<The> comparation of impact FDI on economic development of the region in the Czech Republic and the Slovak Republic
Problematika priamych zahraničných investícií (PZI) sa stala v dnešnom globalizovanom svete prirodzenou súčasťou trhovej ekonomiky. Zahraničné investície prispievajú k rozvoju ekonomiky, majú vplyv na rast produktivity a poskytujú finančný kapitál. Porovnanie vplyvu PZI na regióny a ekonomický rozv...
Saved in:
| Main Author: | |
|---|---|
| Format: | Book Chapter |
| Language: | English |
| Subjects: | |
| Tags: |
No Tags, Be the first to tag this record!
|
MARC
| LEADER | 00000nla a2200000 4500 | ||
|---|---|---|---|
| 001 | 0193293 | ||
| 005 | 20240417075049.6 | ||
| 041 | 0 | |a eng | |
| 044 | |a CZ | ||
| 245 | 1 | 0 | |a <The> comparation of impact FDI on economic development of the region in the Czech Republic and the Slovak Republic |c Monika Chobotová |
| 520 | |a Problematika priamych zahraničných investícií (PZI) sa stala v dnešnom globalizovanom svete prirodzenou súčasťou trhovej ekonomiky. Zahraničné investície prispievajú k rozvoju ekonomiky, majú vplyv na rast produktivity a poskytujú finančný kapitál. Porovnanie vplyvu PZI na regióny a ekonomický rozvoj Českej a Slovenskej republiky. | ||
| 610 | 2 | 0 | |a Slovensko |
| 610 | 2 | 0 | |a Česko |
| 610 | 2 | 0 | |a regióny |
| 610 | 2 | 0 | |a investície priame zahraničné |
| 610 | 2 | 0 | |a kapitál finančný |
| 610 | 2 | 0 | |a pohyb kapitálu |
| 610 | 2 | 0 | |a bilancia ekonomická |
| 100 | 1 | |a Chobotová, Monika | |